Normal view
MARC view
Entry Topical Term
001 - CONTROL NUMBER
- control field: 588
003 - CONTROL NUMBER IDENTIFIER
- control field: ARRUPE
005 - DATE AND TIME OF LATEST TRANSACTION
- control field: 20130918143027.0
008 - FIXED-LENGTH DATA ELEMENTS
- fixed length control field: 130918|| aca||aabn | a|a d
040 ## - CATALOGING SOURCE
- Original cataloging agency: ARRUPE
- Transcribing agency: ARRUPE
150 ## - HEADING--TOPICAL TERM
- Topical term or geographic name as entry element: Technology
- General subdivision: Social aspects.
670 ## - SOURCE DATA FOUND
- Source citation: Work cat.: (ARRUPE)0: Alcorn, Paul A. 587, Social issues in technology :, 2000.